Reine - Dadju - Statistiques

Statistiques générales
  • Ce quiz a été pris 1 465 fois
  • Le résultat moyen est 356 sur 479
Statistiques - réponses
Réponse % Correct
à
97%
je
97%
Je
97%
au
93%
Au
93%
de
90%
Et
90%
et
90%
ta
90%
te
90%
la
89%
89%
ma
89%
suis
88%
pour
87%
si
87%
dormir
86%
pas
86%
peau
86%
regardé
86%
toi
86%
Aujourd’hui
85%
fatigué
85%
me
84%
nuit
84%
plus
84%
se
84%
tout
84%
chanterai
83%
reine
83%
sa
83%
t’ai
83%
voix
83%
le
82%
peut
82%
toute
82%
C’est
80%
c’est
80%
rang
79%
t’en
79%
tu
79%
Tu
79%
t’apaiser
78%
Dadju
77%
Fais
77%
fais
77%
sais
77%
tes
77%
confiance
75%
est
75%
J’ai
75%
j’ai
75%
lui
75%
mon
75%
quand
75%
Quand
75%
qui
75%
va
75%
dire
74%
semblant
74%
t’élever
74%
temps
74%
souris
73%
j’peux
71%
qu’il
71%
sang
71%
y
71%
comme
70%
longtemps
70%
besoin
69%
d’attendre
69%
nous
69%
sur
68%
l’ai
67%
s’il
67%
d’partager
66%
eux
66%
jaloux
66%
mi
66%
m’passer
66%
ne
66%
sont
66%
l’huile
65%
vais
65%
deux
64%
du
64%
J’vais
64%
les
64%
tant
64%
t’entends
64%
glisser
63%
moi
63%
on
63%
On
63%
passais
63%
pis
63%
s’ils
62%
S’ils
62%
ton
62%
douloureux
60%
famille
60%
faut
60%
fille
60%
papa
60%
savoir
60%
cœur
59%
dans
59%
encaisser
59%
Mais
59%
parlé
59%
que
59%
soin
59%
bout
58%
Ça
58%
moment
58%
mots
58%
prendre
58%
amor
57%
Assez
57%
envieux
57%
mort
57%
parti
57%
trouver
57%
avec
56%
compliqué
56%
d’un
56%
facile
56%
sait
56%
y’a
56%
aller
55%
Dieu
55%
j’aime
55%
mis
55%
promis
55%
sort
55%
combien
54%
dit
54%
même
54%
Celui
53%
choisi
53%
contre
53%
J’te
53%
laisserai
53%
qu’ils
53%
qu’on
53%
regrette
53%
trompé
53%
curieux
52%
délaissé
52%
sera
52%
s’est
52%
t’avoir
52%
tort
52%
coups
51%
pines-co
51%
vieux
51%
ceux
50%
l’amour
50%
mieux
50%
rester
50%
Continue
49%
Ferme
49%
porte
49%
battra
48%
demandent
48%
font
48%
leur
48%
redemandent
48%
toi-même
48%
d’être
47%
empêcher
47%
Oh oh ah
46%
paume
43%
Hey
33%
Seysey
30%
Laisse-moi
20%
Mmh hé
2%
Aucun quiz correspondant
Distribution des résultats
% des personnes avec chaque résultat
Percentile par nombre de réponses
Votre historique - résultats
Vous n’avez pas pris ce quiz